000
00366nam a2200169Ia 4500
003
0STCL
008
150530s9999 xx 000 0 und d
040
_a
STCL
_c
STCL
100
_a
Glasstone, S.
245
_a
Theoretical chemistry
250
_a
Twelevth
260
_c
1961
546
_a
English
942
_2
ddc
_c
BK
999
_c
32202
_d
32202
005
20220125170238.0